Statistics for Chris Rea Discography

Click here to take the quiz!

General Stats

  • This quiz has been taken 11 times
  • The average score is 16 of 38

Answer Stats

TypeYearName% Correct
Album1991Auberge
100%
Album1989The Road to Hell
100%
Album1982Chris Rea
80%
Compilation1988New Light Through Old Windows
80%
Album1979Deltics
60%
Album1986On the Beach
60%
Album2017Road Songs for Lovers
60%
Album1985Shamrock Diaries
60%
Compilation2009Still So Far To Go: The Best of Chris Rea
60%
Album1980Tennis
60%
Compilation1994The Best of Chris Rea
60%
Compilation1998The Best of Chris Rea
60%
Compilation2001The Very Best of Chris Rea
60%
Album1983Water Sign
60%
Album1984Wired to the Moon
60%
Album2005Blue Guitars
40%
Album1987Dancing with Strangers
40%
Album1993Espresso Logic
40%
Album1992God's Great Banana Skin
40%
Compilation2005Heartbeats - Chris Rea's Greatest Hits
40%
Album2000King of the Beach
40%
Soundtrack1996La Passione
40%
Album2011Santo Spirito Blues
40%
Album1998The Blue Cafe
40%
Album2004The Blue Jukebox
40%
Album1999The Road to Hell: Part 2
40%
Compilation2007Chris Rea - The Ultimate Collection 1978-2000
20%
Album2002Dancing Down the Stony Road
20%
Compilation1986Herzklopfen
20%
Album2003Hofner Blue Notes
20%
Album2008The Return of the Fabulous Hofner Bluenotes
20%
Live Album2006The Road to Hell and Back
20%
Album2003Blue Street (Five Guitars)
0%
Compilation2008Fool (If You Think It's Over)
0%
Compilation2011The Journey 1978-2009
0%
Compilation2006The Platinum Collection
0%
Compilation2007The Works
0%
Album1978Whatever Happened to Benny Satini?
0%

Score Distribution

Percentile by Number Answered

Percent of People with Each Score

Your Score History

You have not taken this quiz